00522aam a2200169 450000500170000000800410001704100080005808200170006610000350008324501150011826000130023326000090024630000180025565000240027365000160029765000390031320160902154430.0150310b xxu||||| |||| 00| 0 spa d aspa a651.37 L174r aLacroix-Sablayrolles, Hélene aEl reino animal en la oficina: un modelo eficaz de comunicación eficaz para mejorar las relaciones laborales aMéxico c2009 a188 páginas aCOMUNICACION EFICAZ aMODELO KAPA aCOMUNICACION EN LAS ORGANIZACIONES